000 00776pam a2200241 a 4500
001 3544786
005 20180109035735.0
008 971003s1998 njuab b 001 0 eng
010 _a 97038776
020 _a0691057699 (cloth : alk. paper)
040 _aDLC
_cDLC
_dDLC
041 _aeng
080 _a297.09
082 0 0 _a297.09 LAW
_221
100 1 _a24
101 _aTEO
245 1 0 _aShattering the myth :
_cBruce B. Lawrence.
504 _aIncludes bibliographical references (p. 219-229) and index.
906 _a7
_bcbc
_corignew
_d1
_eocip
_f19
_gy-gencatlg
942 _2ddc
_cBK
999 _c39850
_d39850